আরণ্য জনপদে / (Record no. 37731)
[ view plain ]
| 000 -LEADER | |
|---|---|
| fixed length control field | 00986nam a2200253 a 4500 |
| 001 - CONTROL NUMBER | |
| control field | 37731 |
| 003 - CONTROL NUMBER IDENTIFIER | |
| rucl marc code | BD-RjUL |
| 005 - DATE AND TIME OF LATEST TRANSACTION | |
| control field | 20211209052637.0 |
| 008 - FIXED-LENGTH DATA ELEMENTS--GENERAL INFORMATION | |
| fixed length control field | 150409r20071975bg a|||| b||| 00| 0 ben d |
| 020 ## - INTERNATIONAL STANDARD BOOK NUMBER | |
| International Standard Book Number | 9847020204 |
| Terms of availability | : Tk. 350.00 |
| 035 ## - SYSTEM CONTROL NUMBER | |
| System control number | (BD-RjUL)37835 |
| 040 ## - CATALOGING SOURCE | |
| Original cataloging agency | BD-RjUL |
| Language of cataloging | ben |
| Transcribing agency | BD-RjUL |
| Modifying agency | BD-RjUL |
| 041 ## - LANGUAGE CODE | |
| Language code of text/sound track or separate title | ben |
| 082 ## - DEWEY DECIMAL CLASSIFICATION NUMBER | |
| Edition number | 21 |
| Classification number | 307.772095492 |
| Author mark and year | SAA 2007 |
| 100 1# - MAIN ENTRY--PERSONAL NAME | |
| Personal name | সাত্তার, আবদুস |
| 9 (RLIN) | 116229 |
| 245 10 - TITLE STATEMENT | |
| Title | আরণ্য জনপদে / |
| Statement of responsibility, etc. | আবদুস সাত্তার |
| 250 ## - EDITION STATEMENT | |
| Edition statement | ২য়. সং. |
| 260 ## - PUBLICATION, DISTRIBUTION, ETC. (IMPRINT) | |
| Place of publication, distribution, etc. | ঢাকা : |
| Name of publisher, distributor, etc. | নওরোজ সাহিত্য সম্ভার, |
| Date of publication, distribution, etc. | ১৯৭৫ [মুদ্রণ ২০০৭] |
| 300 ## - PHYSICAL DESCRIPTION | |
| Pagination | ৪০৭, [১] পৃ. : |
| Illustrations | চিত্র ; |
| Size | ২২ সেমি. |
| 504 ## - BIBLIOGRAPHY, ETC. NOTE | |
| Bibliography, etc | গ্রন্থপঞ্জী সংযুক্ত। |
| 650 ## - SUBJECT ADDED ENTRY--TOPICAL TERM | |
| Topical term or geographic name as entry element | উপজাতি |
| Geographic subdivision | বাংলাদেশ |
| 9 (RLIN) | 116230 |
| Topical term or geographic name as entry element | Tribes |
| Geographic subdivision | Bangladesh |
| 9 (RLIN) | 116231 |
| 942 ## - ADDED ENTRY ELEMENTS (KOHA) | |
| Source of classification or shelving scheme | Dewey Decimal Classification |
| Koha item type | Books |
| Lost status | Source of classification or shelving scheme | Damaged status | Not for loan | Collection code | Permanent Location | Current Location | Shelving location | Date acquired | Source of acquisition | Cost, normal purchase price | Total Checkouts | Full call number | Date last seen | Copy number | Koha item type | Date checked out |
|---|---|---|---|---|---|---|---|---|---|---|---|---|---|---|---|---|
| Dewey Decimal Classification | Not For Loan | Non-fiction | Central Library, University of Rajshahi | Central Library, University of Rajshahi | Reading Room | 18/03/2009 | Nawroge kitabstan, Dhaka | 350.00 | B 307.772095492 SAA 2007 | 09/04/2015 | C-1 | Books | ||||
| Dewey Decimal Classification | Non-fiction | Central Library, University of Rajshahi | Central Library, University of Rajshahi | 18/03/2009 | Nawroge kitabstan, Dhaka | 350.00 | 4 | B 307.772095492 SAA 2007 | 29/12/2019 | C-2 | Books | 21/11/2019 | ||||
| Dewey Decimal Classification | Non-fiction | Central Library, University of Rajshahi | Central Library, University of Rajshahi | 21/07/1983 | Aligarh library, Rajshahi | 35.00 | B 307.772095492 SAA 2007 | 30/10/2016 | C-4 | Books | ||||||
| Dewey Decimal Classification | Non-fiction | Central Library, University of Rajshahi | Central Library, University of Rajshahi | 18/06/1982 | Aligash library, Rajshahi | 35.00 | 2 | B 307.772095492 SAA 1975 | 05/10/2023 | C-5 | Books | 22/08/2023 |